| 000 | 01631cam a22002294a 4500 | ||
|---|---|---|---|
| 005 | 20250605164329.0 | ||
| 008 | 250528s ||||||||||||||||||||||||d | ||
| 035 | _a23177 | ||
| 020 | _a9781572243996 | ||
| 040 |
_aGR-AtMCL _bgre _dGR-AtMCL _eAACR2 |
||
| 245 | 1 | _aHandbook of Clinical Psychopharmacology for Therapists | |
| 250 | _a4th | ||
| 260 |
_bNew Harbinger Publications, Inc, _c2006 |
||
| 300 | _a310 | ||
| 520 | _aNew Chapter on Medication and Children. Acknowledgements, Understanding Psychopharmacology: The Basics, Introduction, Integrated Models, Neurobiology, Pharmacology, Clinical Syndromes: Etiology and Diagnosis and Treatment Implications, Preliminary Diagnostic Considerations, Depressive Disorders, Bipolar Disorders, Anxiety Disorders, Obsessive - Compulsive Disorder, Psychotic Disorders, Post - Traumatic Stress Disorder, Borderline Personality Disorders, Substance - Related Disorders, Other Miscellaneous Disorders, Medications and Pharmacologic Treatment, Antidepressant Medications, Mood Stabilizers, Antianxiety Medications, Antipsychotic Medications, Over - the - Counter Products, Red Flags: When to Revaluate, Child and Adolescent Psychopharmacology, On the Horizon, Appendices, Pharmacokinetics, Pharmacotherapy in Special Populations, Psychotropic Drug Interactions, Differentiating Psychotropic Drug Interactions, Differentiating Psychotropic Side Effects from Psychiatric Symptoms, Neurocognitive Mental Status Exam, Index. | ||
| 700 | 1 |
_aO'Neal John H _98756 |
|
| 700 | 1 |
_aPreston John D _98757 |
|
| 700 | 1 |
_aTalaga Mary C _98758 |
|
| 942 | _cBK | ||
| 999 |
_c8207 _d8207 |
||